Meilleurs Buteur Ligue des Champions 23/24 - Statistiques

Statistiques générales
  • Ce quiz a été pris 75 fois
  • Le résultat moyen est 10 sur 15
Statistiques - réponses
But Club Joueur % Correct
8 Paris Saint-Germain Mbappe
100%
6 Real Madrid Vinicius Junior
100%
6 Manchester City Haaland
98%
8 Bayern Munich Kane
95%
6 Atlético Madrid Griezmann
89%
5 Real Madrid Rodrygo
86%
4 Arsenal Saka
72%
5 Manchester City Alvarez
66%
5 Manchester City Foden
63%
4 Arsenal Gabriel Jesus
56%
5 Real Madrid Joselu
39%
5 Atlético Madrid Morata
39%
5 Manchester United Hojlund
30%
4 Arsenal Trossard
25%
5 Porto Galeno
8%
Aucun quiz correspondant
Distribution des résultats
% des personnes avec chaque résultat
Percentile par nombre de réponses
Votre historique - résultats
Vous n’avez pas pris ce quiz